Top 15 drivers with the highest pole-to-win ratio in F1 - Statistics

General Stats
  • This quiz has been taken 20 times
  • The average score is 8 of 15
Answer Stats
Nationality Pole Positions Wins from Pole Pole-to-win ratio Answer % Correct
UK 104 61 58.7% Lewis Hamilton
94%
Germany 68 40 58.8% Michael Schumacher
94%
Spain 22 14 63.6% Fernando Alonso
88%
Netherlands 42 33 78.6% Max Verstappen
81%
Australia 2 2 100% Oscar Piastri
81%
South Africa 3 2 66.7% Jody Scheckter
56%
Italy 14 9 64.3% Alberto Ascari
50%
UK 8 5 62.5% Jenson Button
50%
Venezuela 1 1 100% Pastor Maldonado
50%
Brazil 6 4 66.7% Emerson Fittipaldi
44%
Belgium 1 1 100% Thierry Boutsen
31%
Sweden 1 1 100% Jo Bonnier
19%
UK 3 2 66.7% Tony Brooks
19%
US 1 1 100% Bill Vukovich
6%
US 1 1 100% Pat Flaherty
6%
No matching quizzes found
Score Distribution
Percent of People with Each Score
Percentile by Number Answered
Your Score History
You have not taken this quiz